| 000 | 01311cam a22002175a 4500 | ||
|---|---|---|---|
| 001 | L152036 | ||
| 008 | 110127s2011 xxk f 000 0 eng d | ||
| 035 | _a(Sirsi) u152036 | ||
| 041 | 0 | _aeng | |
| 110 | 2 |
_aForestry Commission _9804 |
|
| 245 | 0 | 4 |
_aThe future of the Public Forest Estate in England _bA public consultation _h[electronic resource] |
| 260 | _c2011 | ||
| 520 | _aConsultation about the future ownership and management of the public forest estate in England. Sets out the argument for a move away from the government owning and managing significant areas of woodlands in England. Proposes a mixed model approach for future management with a far greater role for civil society, businesses and individuals. The consultation runs for 12 weeks and will close on 21st April 2011. | ||
| 590 | _aKA NTK | ||
| 651 | 4 |
_aEngland _y886- |
|
| 690 |
_aEnvironment _96238 |
||
| 710 | 1 |
_aDepartment for Environment, Food and Rural Affairs _94094 |
|
| 856 | 4 | 0 |
_uhttps://www.forestry.gov.uk/website/pdf.nsf/pdf/PFE_Consultation_WEB.pdf/$FILE/PFE_Consultation_WEB.pdf _zView the PDF of the consultation free of charge at www.forestry.gov.uk |
| 856 | 4 | 0 |
_uhttps://ww2.defra.gov.uk/news/2011/01/27/englands-forests/ _zView the DEFRA News Release at ww2.defra.gov.uk/news/2011/01/27/englands-forests/ |
| 942 | _n0 | ||
| 999 |
_c111808 _d111808 |
||